header

Accumulation in an African periphery (Record no. 138452)

MARC details
000 -LEADER
fixed length control field 01228nam a2200313Ia 4500
100 1# - MAIN ENTRY--AUTHOR NAME
Personal name Shivji, Issa G.
245 10 - TITLE STATEMENT
Title Accumulation in an African periphery
260 ## - PUBLICATION, DISTRIBUTION, ETC. (IMPRINT)
Place of publication Dar es Salaam, Tanzania :
Name of publisher Mkuki na Nyota Publishers,
Year of publication c2009.
300 ## - PHYSICAL DESCRIPTION
Number of Pages viii, 100 p.
650 #0 - SUBJECT ADDED ENTRY--TOPICAL TERM
Topical Term Saving and investment
Topical Term Neoliberalism
856 40 - ELECTRONIC LOCATION AND ACCESS
Uniform Resource Identifier http://site.ebrary.com/lib/rucke/Doc?id=10449902

No items available.

© 2026 Rongo University
Contact us: librarian | system librarian | Rongo university